[Event "FRA-ch U12"]
[Site "Saint Paul Trois Chateaux"]
[Date "2013.04.28"]
[Round "1"]
[White "Vlachos, Anatole"]
[Black "Fischer, Arnaud"]
[Result "1-0"]
[WhiteElo "1764"]
[BlackElo "1506"]
[PlyCount "85"]
[EventDate "2013.04.28"]
[EventType "swiss"]
[EventRounds "9"]
[EventCountry "FRA"]
[SourceTitle "CBM 154 Extra"]
[Source "ChessBase"]
[SourceDate "2013.06.25"]
[SourceVersion "2"]
[SourceVersionDate "2013.06.25"]
[SourceQuality "1"]

1. e4 c5 2. Nf3 Nc6 3. c3 e5 4. d4 cxd4 5. cxd4 exd4 6. Nxd4 Nf6 7. Nc3 Bc5 8. Nxc6 bxc6 9. Bd3 0-0 10. 0-0 Re8 11. Bg5 d6 12. Rc1 Rb8 13. Rc2 Bd7 14. Qf3 Bd4 15. b3 Qc8 16. h3 Be6 17. Nb5 Rxb5 18. Bxb5 Bd7 19. Rd1 Be5 20. Bxf6 Bxf6 21. Rxd6 Be5 22. Rxd7 Qxd7 23. Bxc6 Qd4 24. Rc1 Rc8 25. Rd1 Qc5 26. Bd5 Qe7 27. Qf5 Re8 28. Bc4 g6 29. Qd7 Kg7 30. Bb5 Qxd7 31. Rxd7 Rc8 32. Bc4 Kg8 33. Bxf7+ Kf8 34. Bc4 h6 35. Rxa7 Rd8 36. Bd5 Rc8 37. Ra8 Bb8 38. g3 h5 39. Kg2 g5 40. a4 h4 41. g4 Ke7 42. a5 Kd7 43. a6 1-0